| 000 | 01685nam a2200505 a 4500 | ||
|---|---|---|---|
| 001 | 21248 | ||
| 003 | VRT | ||
| 005 | 20260225145505.0 | ||
| 008 | 240318s2016 xr a b 000 p slo | ||
| 015 | _aSNBZSA2016 | ||
| 020 |
_a9788026410157 _q(viazané) |
||
| 035 | _aF7DE78A4-327B-43A1-97D8-E49EE08FFC57 | ||
| 035 | _aurn:nbn:sk:snk-amlp3c | ||
| 035 | _aurn:nbn:sk:snk-am00bxe0 | ||
| 039 | 9 |
_a202403182238 _bVLOAD _c201912040847 _dcsnk10 _c201707060931 _dVLOAD _c201611161002 _dmtotk19 |
|
| 040 |
_aPPPK _bslo _cPPPK _dSNK _eAACR2 |
||
| 041 | 0 | _aslo | |
| 044 |
_axr _cCZ |
||
| 072 | 7 |
_a821.162.4-1 _xSlovenská poézia _2konspekt |
|
| 072 | 7 |
_a821-93 _xLiteratúra pre deti a mládež (beletria) _2konspekt |
|
| 080 |
_a821.162.4-1 _22011 |
||
| 080 |
_a82-93-053.2 _22011 |
||
| 100 | 1 |
_aPavlíková, Jana _c(poetka) _4aut |
|
| 245 | 1 | 0 |
_aBásničky zo školskej lavice _cJana Pavlíková ; ilustrácie: Natália Zavaďáková |
| 250 | _a1. vyd. | ||
| 260 |
_aV Brne _bCPress _c2016 |
||
| 300 |
_a63 s. _bilustr. _c23 cm |
||
| 500 | _aVydalo vydavateľstvo CPress v spoločnosti Albatros Media | ||
| 655 | 7 |
_aslovenská poézia _2SNKPH |
|
| 655 | 7 |
_apublikácie pre deti _2SNKPH |
|
| 655 | 7 |
_aSlovak poetry _2SNKPHeng |
|
| 655 | 7 |
_aChildren's literature _2SNKPHeng |
|
| 700 | 1 |
_aZavaďáková, Natália _4ill |
|
| 752 |
_aČesko _dBrno |
||
| 910 | _apppk | ||
| 910 | _apokpoh | ||
| 910 | _avthk | ||
| 910 | _askpk | ||
| 910 | _asllk | ||
| 910 | _abjkdg | ||
| 910 | _asnk | ||
| 910 | _atotk | ||
| 942 |
_2ddc _cKLDE _n0 |
||
| 949 |
_617A1198496 _asnkSC 170433 _bsnk2016/16034 _oVydavatelství a nakladatelství Aleš Čeněk57-ah/3Int. č. fa – 39/2016 _s6100:20161005 |
||
| 999 |
_c21248 _d21248 |
||